Catalog

Record Details

Catalog Search



Die Lehre von der Seelsorge /  von Eduard Thurneysen. Cover Image Book Book

Die Lehre von der Seelsorge /  von Eduard Thurneysen.

Record details

  • Physical Description: 310 s. ; 24 cm.
  • Edition: 2. Aufl.
  • Publisher: Zollikon-Zürich : Evangelischer Verlag A.-G., 1957.

Content descriptions

Bibliography, etc. Note:
Includes bibliographical references and index.
Subject: Pastoral theology.

Available copies

  • 1 of 1 copy available at Common Catalog SPOK.

Holds

  • 0 current holds with 1 total copy.
Show Only Available Copies
Location Call Number / Copy Notes Barcode Shelving Location Status Due Date
ETS Library 253.5 424470014809 Volný výběr Available -

LDR 00804cam a2200253 a 4500
00142082
003CZ-PrJAB
00520210108114507.0
008790531s1957 sz e b 001 0 ger d
010 . ‡a 50034941
035 . ‡a(CONS)12171
035 . ‡a(CaOOAMICUS)000021445897
040 . ‡aCaOTU ‡beng ‡cIDI ‡dOCLCQ ‡dCaOHM
05004. ‡aBV4010 ‡b.T48 1957
050 4. ‡aBV4010 ‡b.T48 1957
1001 . ‡aThurneysen, Eduard, ‡d1888-1974.
24514. ‡aDie Lehre von der Seelsorge /  ‡nvon Eduard Thurneysen.
250 . ‡a2. Aufl.
260 . ‡aZollikon-Zürich : ‡bEvangelischer Verlag A.-G., ‡c1957.
300 . ‡a310 s. ; ‡c24 cm.
504 . ‡aIncludes bibliographical references and index.
650 0. ‡aPastoral theology.
8524 . ‡bETS ‡bETS ‡cVolný výběr ‡j253.5 ‡p424470014809 ‡y$50.00
910 . ‡aABG450
999 . ‡a12171 ‡c12171 ‡tbiblio
905 . ‡uadmin
901 . ‡a42082 ‡bCZ-PrJAB ‡c42082 ‡tbiblio ‡sets

Additional Resources